000 01092nam a2200277 u 4500
005 20231128063644.0
008 190924s2010 mx a r 000 0 spa d
020 _a9786077879121
035 _aUPN01000233076
040 _aMX-MxUPN
_bspa
_cMX-MxUPN
050 _aF1221 T25
_bA43 2010
245 0 0 _aAlabe raíchali wichi japi rika ralamu = Mensajes buenos caen como rayo
250 _aPrimera edición
260 _aMéxico, D.F. :
_bSecretaría de Educación Pública, Dirección General de Educación Indígena,
_c2010.
300 _a67 páginas : ilustraciones a color
490 _aSemilla de palabras
650 0 _948752
_aTarahumaras
_xVida social y costumbres
_vLiteratura infantil
650 4 _aIndígenas de México
_zChihuahua
_xVida social y costumbres
_vLiteratura infantil
_948764
700 1 _aVargas Muñoz, Eugenio
_ecoordinación
_948753
700 1 _aOlmo Ruiz, Marcela del
_ecoordinación
_948754
700 1 _aGardea Cruz, María Nicolasa
_etraducción
_948755
902 _bNoemiAcosta/280423
905 _aLibro
942 _2lcc
_cLIBRO
999 _c205171
_d205171